| 000 | 00955nam a22002055i 4500 | ||
|---|---|---|---|
| 001 | 153713 | ||
| 003 | ES-MaACL | ||
| 005 | 20250809035225.0 | ||
| 008 | 990115s1848 sp |||| | spa d | ||
| 080 | _a343(460)"1848"(094.4) | ||
| 110 | 1 |
_aEspaña. _tCódigo penal, 1848. _9152618 |
|
| 245 | 1 | 0 | _aCódigo penal de España. |
| 260 |
_aMadrid : _bImprenta Nacional, _c1848. |
||
| 300 |
_a128, 15 p., [2] h. pleg. ; _c23 cm. |
||
| 505 | 8 | _aContiene: Reales disposiciones referentes al Código penal expedidas después de su publicación (15 p.) -- Resumen de la historia cronológica del derecho antiguo y leyes generales de España (Tabla I) -- Resumen de la historia cronológica del nuevo derecho y leyes generales de España (Tabla II) | |
| 610 | 1 | 4 |
_aEspaña. _tCódigo penal, 1848. _9152618 |
| 650 | 4 |
_aDerecho penal- _zEspaña _911752 |
|
| 852 | 4 |
_aES-MaACL _jR-379(2) _z- Enc. hol. _x Olim: B-5998 |
|
| 999 |
_c153713 _d153713 |
||